<?xml version="1.0" encoding="UTF-8"?>
<record
    xmlns:xsi="http://www.w3.org/2001/XMLSchema-instance"
    xsi:schemaLocation="http://www.loc.gov/MARC21/slim http://www.loc.gov/standards/marcxml/schema/MARC21slim.xsd"
    xmlns="http://www.loc.gov/MARC21/slim">

  <leader>01138nam a22002897a 4500</leader>
  <datafield tag="999" ind1=" " ind2=" ">
    <subfield code="c">161905</subfield>
    <subfield code="d">161905</subfield>
  </datafield>
  <controlfield tag="005">20190807124013.0</controlfield>
  <datafield tag="010" ind1=" " ind2=" ">
    <subfield code="a">1819CHEN   B-717684-704</subfield>
  </datafield>
  <datafield tag="020" ind1=" " ind2=" ">
    <subfield code="a">9789386316042</subfield>
    <subfield code="c">199.00 </subfield>
  </datafield>
  <datafield tag="035" ind1=" " ind2=" ">
    <subfield code="a">B-717684-704</subfield>
  </datafield>
  <datafield tag="035" ind1=" " ind2=" ">
    <subfield code="a">B-728522</subfield>
  </datafield>
  <datafield tag="037" ind1=" " ind2=" ">
    <subfield code="b">Pragati Publications</subfield>
  </datafield>
  <datafield tag="082" ind1=" " ind2=" ">
    <subfield code="a">S</subfield>
  </datafield>
  <datafield tag="100" ind1=" " ind2=" ">
    <subfield code="a">Saint-Exupery, Antoine De </subfield>
  </datafield>
  <datafield tag="245" ind1=" " ind2=" ">
    <subfield code="a">The little prince / </subfield>
    <subfield code="c">by Antoine De Saint-Exupery ; translated from the French by Katherine Woods; illustrated by Antoine De Saint-Exupery,Manish Singh and Manoj Kumar Prasad</subfield>
  </datafield>
  <datafield tag="260" ind1=" " ind2=" ">
    <subfield code="a">New Delhi </subfield>
    <subfield code="b">Om Kidz</subfield>
    <subfield code="c">2018(repr.)</subfield>
  </datafield>
  <datafield tag="270" ind1=" " ind2=" ">
    <subfield code="a">107, Ansari Road, Darya Ganj</subfield>
    <subfield code="b">New Delhi </subfield>
    <subfield code="e">110002</subfield>
  </datafield>
  <datafield tag="300" ind1=" " ind2=" ">
    <subfield code="a">240p.:</subfield>
    <subfield code="b">ill.</subfield>
    <subfield code="c">20cm(Hb)</subfield>
  </datafield>
  <datafield tag="490" ind1=" " ind2=" ">
    <subfield code="a">Om illustrated classics</subfield>
  </datafield>
  <datafield tag="500" ind1=" " ind2=" ">
    <subfield code="a">Airport </subfield>
  </datafield>
  <datafield tag="700" ind1=" " ind2=" ">
    <subfield code="a">Woods, Katherine </subfield>
  </datafield>
  <datafield tag="700" ind1=" " ind2=" ">
    <subfield code="a">Saint-Exupery, Antoine De </subfield>
  </datafield>
  <datafield tag="700" ind1=" " ind2=" ">
    <subfield code="a">Manish Singh</subfield>
  </datafield>
  <datafield tag="700" ind1=" " ind2=" ">
    <subfield code="a">Manoj Kumar Prasad</subfield>
  </datafield>
  <datafield tag="942" ind1=" " ind2=" ">
    <subfield code="2">ddc</subfield>
    <subfield code="c">CH</subfield>
    <subfield code="m">SAI</subfield>
    <subfield code="h">S</subfield>
  </datafield>
  <datafield tag="952" ind1=" " ind2=" ">
    <subfield code="0">0</subfield>
    <subfield code="1">0</subfield>
    <subfield code="4">0</subfield>
    <subfield code="7">0</subfield>
    <subfield code="8">FIC</subfield>
    <subfield code="a">M</subfield>
    <subfield code="b">M</subfield>
    <subfield code="d">2019-04-10</subfield>
    <subfield code="e">Pragati Publications/558/18-03-19/625/13-03-19/28-03-19</subfield>
    <subfield code="g">199.00</subfield>
    <subfield code="l">0</subfield>
    <subfield code="o">S SAI</subfield>
    <subfield code="p">B-717684</subfield>
    <subfield code="r">2019-04-10 00:00:00</subfield>
    <subfield code="t">20</subfield>
    <subfield code="v">199.00</subfield>
    <subfield code="w">2019-04-10</subfield>
    <subfield code="y">CH</subfield>
    <subfield code="z">AAI(CSR)</subfield>
  </datafield>
  <datafield tag="952" ind1=" " ind2=" ">
    <subfield code="0">0</subfield>
    <subfield code="1">0</subfield>
    <subfield code="4">0</subfield>
    <subfield code="7">0</subfield>
    <subfield code="8">FIC</subfield>
    <subfield code="a">M</subfield>
    <subfield code="b">M</subfield>
    <subfield code="d">2019-04-10</subfield>
    <subfield code="e">Pragati Publications/558/18-03-19/625/13-03-19/28-03-19</subfield>
    <subfield code="g">199.00</subfield>
    <subfield code="l">0</subfield>
    <subfield code="o">S SAI</subfield>
    <subfield code="p">B-717685</subfield>
    <subfield code="r">2019-04-10 00:00:00</subfield>
    <subfield code="t">20</subfield>
    <subfield code="v">199.00</subfield>
    <subfield code="w">2019-04-10</subfield>
    <subfield code="y">CH</subfield>
    <subfield code="z">AAI(CSR)</subfield>
  </datafield>
  <datafield tag="952" ind1=" " ind2=" ">
    <subfield code="0">0</subfield>
    <subfield code="1">0</subfield>
    <subfield code="4">0</subfield>
    <subfield code="7">0</subfield>
    <subfield code="8">FIC</subfield>
    <subfield code="a">M</subfield>
    <subfield code="b">M</subfield>
    <subfield code="d">2019-04-10</subfield>
    <subfield code="e">Pragati Publications/558/18-03-19/625/13-03-19/28-03-19</subfield>
    <subfield code="g">199.00</subfield>
    <subfield code="l">0</subfield>
    <subfield code="o">S SAI</subfield>
    <subfield code="p">B-717686</subfield>
    <subfield code="r">2019-04-10 00:00:00</subfield>
    <subfield code="t">20</subfield>
    <subfield code="v">199.00</subfield>
    <subfield code="w">2019-04-10</subfield>
    <subfield code="y">CH</subfield>
    <subfield code="z">AAI(CSR)</subfield>
  </datafield>
  <datafield tag="952" ind1=" " ind2=" ">
    <subfield code="0">0</subfield>
    <subfield code="1">0</subfield>
    <subfield code="4">0</subfield>
    <subfield code="7">0</subfield>
    <subfield code="8">FIC</subfield>
    <subfield code="a">M</subfield>
    <subfield code="b">M</subfield>
    <subfield code="d">2019-04-10</subfield>
    <subfield code="e">Pragati Publications/558/18-03-19/625/13-03-19/28-03-19</subfield>
    <subfield code="g">199.00</subfield>
    <subfield code="l">0</subfield>
    <subfield code="o">S SAI</subfield>
    <subfield code="p">B-717687</subfield>
    <subfield code="r">2019-04-10 00:00:00</subfield>
    <subfield code="t">20</subfield>
    <subfield code="v">199.00</subfield>
    <subfield code="w">2019-04-10</subfield>
    <subfield code="y">CH</subfield>
    <subfield code="z">AAI(CSR)</subfield>
  </datafield>
  <datafield tag="952" ind1=" " ind2=" ">
    <subfield code="0">0</subfield>
    <subfield code="1">0</subfield>
    <subfield code="4">0</subfield>
    <subfield code="7">0</subfield>
    <subfield code="8">FIC</subfield>
    <subfield code="a">M</subfield>
    <subfield code="b">M</subfield>
    <subfield code="d">2019-04-10</subfield>
    <subfield code="e">Pragati Publications/558/18-03-19/625/13-03-19/28-03-19</subfield>
    <subfield code="g">199.00</subfield>
    <subfield code="l">0</subfield>
    <subfield code="o">S SAI</subfield>
    <subfield code="p">B-717688</subfield>
    <subfield code="r">2019-04-10 00:00:00</subfield>
    <subfield code="t">20</subfield>
    <subfield code="v">199.00</subfield>
    <subfield code="w">2019-04-10</subfield>
    <subfield code="y">CH</subfield>
    <subfield code="z">AAI(CSR)</subfield>
  </datafield>
  <datafield tag="952" ind1=" " ind2=" ">
    <subfield code="0">0</subfield>
    <subfield code="1">0</subfield>
    <subfield code="4">0</subfield>
    <subfield code="7">0</subfield>
    <subfield code="8">FIC</subfield>
    <subfield code="a">M</subfield>
    <subfield code="b">M</subfield>
    <subfield code="d">2019-04-10</subfield>
    <subfield code="e">Pragati Publications/558/18-03-19/625/13-03-19/28-03-19</subfield>
    <subfield code="g">199.00</subfield>
    <subfield code="l">0</subfield>
    <subfield code="o">S SAI</subfield>
    <subfield code="p">B-717689</subfield>
    <subfield code="r">2019-04-10 00:00:00</subfield>
    <subfield code="t">20</subfield>
    <subfield code="v">199.00</subfield>
    <subfield code="w">2019-04-10</subfield>
    <subfield code="y">CH</subfield>
    <subfield code="z">AAI(CSR)</subfield>
  </datafield>
  <datafield tag="952" ind1=" " ind2=" ">
    <subfield code="0">0</subfield>
    <subfield code="1">0</subfield>
    <subfield code="4">0</subfield>
    <subfield code="7">0</subfield>
    <subfield code="8">FIC</subfield>
    <subfield code="a">M</subfield>
    <subfield code="b">M</subfield>
    <subfield code="d">2019-04-10</subfield>
    <subfield code="e">Pragati Publications/558/18-03-19/625/13-03-19/28-03-19</subfield>
    <subfield code="g">199.00</subfield>
    <subfield code="l">0</subfield>
    <subfield code="o">S SAI</subfield>
    <subfield code="p">B-717690</subfield>
    <subfield code="r">2019-04-10 00:00:00</subfield>
    <subfield code="t">20</subfield>
    <subfield code="v">199.00</subfield>
    <subfield code="w">2019-04-10</subfield>
    <subfield code="y">CH</subfield>
    <subfield code="z">AAI(CSR)</subfield>
  </datafield>
  <datafield tag="952" ind1=" " ind2=" ">
    <subfield code="0">0</subfield>
    <subfield code="1">0</subfield>
    <subfield code="4">0</subfield>
    <subfield code="7">0</subfield>
    <subfield code="8">FIC</subfield>
    <subfield code="a">M</subfield>
    <subfield code="b">M</subfield>
    <subfield code="d">2019-04-10</subfield>
    <subfield code="e">Pragati Publications/558/18-03-19/625/13-03-19/28-03-19</subfield>
    <subfield code="g">199.00</subfield>
    <subfield code="l">0</subfield>
    <subfield code="o">S SAI</subfield>
    <subfield code="p">B-717691</subfield>
    <subfield code="r">2019-04-10 00:00:00</subfield>
    <subfield code="t">20</subfield>
    <subfield code="v">199.00</subfield>
    <subfield code="w">2019-04-10</subfield>
    <subfield code="y">CH</subfield>
    <subfield code="z">AAI(CSR)</subfield>
  </datafield>
  <datafield tag="952" ind1=" " ind2=" ">
    <subfield code="0">0</subfield>
    <subfield code="1">0</subfield>
    <subfield code="4">0</subfield>
    <subfield code="7">0</subfield>
    <subfield code="8">FIC</subfield>
    <subfield code="a">M</subfield>
    <subfield code="b">M</subfield>
    <subfield code="d">2019-04-10</subfield>
    <subfield code="e">Pragati Publications/558/18-03-19/625/13-03-19/28-03-19</subfield>
    <subfield code="g">199.00</subfield>
    <subfield code="l">0</subfield>
    <subfield code="o">S SAI</subfield>
    <subfield code="p">B-717692</subfield>
    <subfield code="r">2019-04-10 00:00:00</subfield>
    <subfield code="t">20</subfield>
    <subfield code="v">199.00</subfield>
    <subfield code="w">2019-04-10</subfield>
    <subfield code="y">CH</subfield>
    <subfield code="z">AAI(CSR)</subfield>
  </datafield>
  <datafield tag="952" ind1=" " ind2=" ">
    <subfield code="0">0</subfield>
    <subfield code="1">0</subfield>
    <subfield code="4">0</subfield>
    <subfield code="7">0</subfield>
    <subfield code="8">FIC</subfield>
    <subfield code="a">M</subfield>
    <subfield code="b">M</subfield>
    <subfield code="d">2019-04-10</subfield>
    <subfield code="e">Pragati Publications/558/18-03-19/625/13-03-19/28-03-19</subfield>
    <subfield code="g">199.00</subfield>
    <subfield code="l">0</subfield>
    <subfield code="o">S SAI</subfield>
    <subfield code="p">B-717693</subfield>
    <subfield code="r">2019-04-10 00:00:00</subfield>
    <subfield code="t">20</subfield>
    <subfield code="v">199.00</subfield>
    <subfield code="w">2019-04-10</subfield>
    <subfield code="y">CH</subfield>
    <subfield code="z">AAI(CSR)</subfield>
  </datafield>
  <datafield tag="952" ind1=" " ind2=" ">
    <subfield code="0">0</subfield>
    <subfield code="1">0</subfield>
    <subfield code="4">0</subfield>
    <subfield code="7">0</subfield>
    <subfield code="8">FIC</subfield>
    <subfield code="a">M</subfield>
    <subfield code="b">M</subfield>
    <subfield code="d">2019-04-10</subfield>
    <subfield code="e">Pragati Publications/558/18-03-19/625/13-03-19/28-03-19</subfield>
    <subfield code="g">199.00</subfield>
    <subfield code="l">0</subfield>
    <subfield code="o">S SAI</subfield>
    <subfield code="p">B-717694</subfield>
    <subfield code="r">2019-04-10 00:00:00</subfield>
    <subfield code="t">20</subfield>
    <subfield code="v">199.00</subfield>
    <subfield code="w">2019-04-10</subfield>
    <subfield code="y">CH</subfield>
    <subfield code="z">AAI(CSR)</subfield>
  </datafield>
  <datafield tag="952" ind1=" " ind2=" ">
    <subfield code="0">0</subfield>
    <subfield code="1">0</subfield>
    <subfield code="4">0</subfield>
    <subfield code="7">0</subfield>
    <subfield code="8">FIC</subfield>
    <subfield code="a">M</subfield>
    <subfield code="b">M</subfield>
    <subfield code="d">2019-04-10</subfield>
    <subfield code="e">Pragati Publications/558/18-03-19/625/13-03-19/28-03-19</subfield>
    <subfield code="g">199.00</subfield>
    <subfield code="l">0</subfield>
    <subfield code="o">S SAI</subfield>
    <subfield code="p">B-717695</subfield>
    <subfield code="r">2019-04-10 00:00:00</subfield>
    <subfield code="t">20</subfield>
    <subfield code="v">199.00</subfield>
    <subfield code="w">2019-04-10</subfield>
    <subfield code="y">CH</subfield>
    <subfield code="z">AAI(CSR)</subfield>
  </datafield>
  <datafield tag="952" ind1=" " ind2=" ">
    <subfield code="0">0</subfield>
    <subfield code="1">0</subfield>
    <subfield code="4">0</subfield>
    <subfield code="7">0</subfield>
    <subfield code="8">FIC</subfield>
    <subfield code="a">M</subfield>
    <subfield code="b">M</subfield>
    <subfield code="d">2019-04-10</subfield>
    <subfield code="e">Pragati Publications/558/18-03-19/625/13-03-19/28-03-19</subfield>
    <subfield code="g">199.00</subfield>
    <subfield code="l">0</subfield>
    <subfield code="o">S SAI</subfield>
    <subfield code="p">B-717696</subfield>
    <subfield code="r">2019-04-10 00:00:00</subfield>
    <subfield code="t">20</subfield>
    <subfield code="v">199.00</subfield>
    <subfield code="w">2019-04-10</subfield>
    <subfield code="y">CH</subfield>
    <subfield code="z">AAI(CSR)</subfield>
  </datafield>
  <datafield tag="952" ind1=" " ind2=" ">
    <subfield code="0">0</subfield>
    <subfield code="1">0</subfield>
    <subfield code="4">0</subfield>
    <subfield code="7">0</subfield>
    <subfield code="8">FIC</subfield>
    <subfield code="a">M</subfield>
    <subfield code="b">M</subfield>
    <subfield code="d">2019-04-10</subfield>
    <subfield code="e">Pragati Publications/558/18-03-19/625/13-03-19/28-03-19</subfield>
    <subfield code="g">199.00</subfield>
    <subfield code="l">0</subfield>
    <subfield code="o">S SAI</subfield>
    <subfield code="p">B-717697</subfield>
    <subfield code="r">2019-04-10 00:00:00</subfield>
    <subfield code="t">20</subfield>
    <subfield code="v">199.00</subfield>
    <subfield code="w">2019-04-10</subfield>
    <subfield code="y">CH</subfield>
    <subfield code="z">AAI(CSR)</subfield>
  </datafield>
  <datafield tag="952" ind1=" " ind2=" ">
    <subfield code="0">0</subfield>
    <subfield code="1">0</subfield>
    <subfield code="4">0</subfield>
    <subfield code="7">0</subfield>
    <subfield code="8">FIC</subfield>
    <subfield code="a">M</subfield>
    <subfield code="b">M</subfield>
    <subfield code="d">2019-04-10</subfield>
    <subfield code="e">Pragati Publications/558/18-03-19/625/13-03-19/28-03-19</subfield>
    <subfield code="g">199.00</subfield>
    <subfield code="l">0</subfield>
    <subfield code="o">S SAI</subfield>
    <subfield code="p">B-717698</subfield>
    <subfield code="r">2019-04-10 00:00:00</subfield>
    <subfield code="t">20</subfield>
    <subfield code="v">199.00</subfield>
    <subfield code="w">2019-04-10</subfield>
    <subfield code="y">CH</subfield>
    <subfield code="z">AAI(CSR)</subfield>
  </datafield>
  <datafield tag="952" ind1=" " ind2=" ">
    <subfield code="0">0</subfield>
    <subfield code="1">0</subfield>
    <subfield code="4">0</subfield>
    <subfield code="7">0</subfield>
    <subfield code="8">FIC</subfield>
    <subfield code="a">M</subfield>
    <subfield code="b">M</subfield>
    <subfield code="d">2019-04-10</subfield>
    <subfield code="e">Pragati Publications/558/18-03-19/625/13-03-19/28-03-19</subfield>
    <subfield code="g">199.00</subfield>
    <subfield code="l">0</subfield>
    <subfield code="o">S SAI</subfield>
    <subfield code="p">B-717699</subfield>
    <subfield code="r">2019-04-10 00:00:00</subfield>
    <subfield code="t">20</subfield>
    <subfield code="v">199.00</subfield>
    <subfield code="w">2019-04-10</subfield>
    <subfield code="y">CH</subfield>
    <subfield code="z">AAI(CSR)</subfield>
  </datafield>
  <datafield tag="952" ind1=" " ind2=" ">
    <subfield code="0">0</subfield>
    <subfield code="1">0</subfield>
    <subfield code="4">0</subfield>
    <subfield code="7">0</subfield>
    <subfield code="8">FIC</subfield>
    <subfield code="a">M</subfield>
    <subfield code="b">M</subfield>
    <subfield code="d">2019-04-10</subfield>
    <subfield code="e">Pragati Publications/558/18-03-19/625/13-03-19/28-03-19</subfield>
    <subfield code="g">199.00</subfield>
    <subfield code="l">0</subfield>
    <subfield code="o">S SAI</subfield>
    <subfield code="p">B-717700</subfield>
    <subfield code="r">2019-04-10 00:00:00</subfield>
    <subfield code="t">20</subfield>
    <subfield code="v">199.00</subfield>
    <subfield code="w">2019-04-10</subfield>
    <subfield code="y">CH</subfield>
    <subfield code="z">AAI(CSR)</subfield>
  </datafield>
  <datafield tag="952" ind1=" " ind2=" ">
    <subfield code="0">0</subfield>
    <subfield code="1">0</subfield>
    <subfield code="4">0</subfield>
    <subfield code="7">0</subfield>
    <subfield code="8">FIC</subfield>
    <subfield code="a">M</subfield>
    <subfield code="b">M</subfield>
    <subfield code="d">2019-04-10</subfield>
    <subfield code="e">Pragati Publications/558/18-03-19/625/13-03-19/28-03-19</subfield>
    <subfield code="g">199.00</subfield>
    <subfield code="l">0</subfield>
    <subfield code="o">S SAI</subfield>
    <subfield code="p">B-717701</subfield>
    <subfield code="r">2019-04-10 00:00:00</subfield>
    <subfield code="t">20</subfield>
    <subfield code="v">199.00</subfield>
    <subfield code="w">2019-04-10</subfield>
    <subfield code="y">CH</subfield>
    <subfield code="z">AAI(CSR)</subfield>
  </datafield>
  <datafield tag="952" ind1=" " ind2=" ">
    <subfield code="0">0</subfield>
    <subfield code="1">0</subfield>
    <subfield code="4">0</subfield>
    <subfield code="7">0</subfield>
    <subfield code="8">FIC</subfield>
    <subfield code="a">M</subfield>
    <subfield code="b">M</subfield>
    <subfield code="d">2019-04-10</subfield>
    <subfield code="e">Pragati Publications/558/18-03-19/625/13-03-19/28-03-19</subfield>
    <subfield code="g">199.00</subfield>
    <subfield code="l">0</subfield>
    <subfield code="o">S SAI</subfield>
    <subfield code="p">B-717702</subfield>
    <subfield code="r">2019-04-10 00:00:00</subfield>
    <subfield code="t">20</subfield>
    <subfield code="v">199.00</subfield>
    <subfield code="w">2019-04-10</subfield>
    <subfield code="y">CH</subfield>
    <subfield code="z">AAI(CSR)</subfield>
  </datafield>
  <datafield tag="952" ind1=" " ind2=" ">
    <subfield code="0">0</subfield>
    <subfield code="1">0</subfield>
    <subfield code="4">0</subfield>
    <subfield code="7">0</subfield>
    <subfield code="8">FIC</subfield>
    <subfield code="a">M</subfield>
    <subfield code="b">M</subfield>
    <subfield code="d">2019-04-10</subfield>
    <subfield code="e">Pragati Publications/558/18-03-19/625/13-03-19/28-03-19</subfield>
    <subfield code="g">199.00</subfield>
    <subfield code="l">0</subfield>
    <subfield code="o">S SAI</subfield>
    <subfield code="p">B-717703</subfield>
    <subfield code="r">2019-04-10 00:00:00</subfield>
    <subfield code="t">20</subfield>
    <subfield code="v">199.00</subfield>
    <subfield code="w">2019-04-10</subfield>
    <subfield code="y">CH</subfield>
    <subfield code="z">AAI(CSR)</subfield>
  </datafield>
  <datafield tag="952" ind1=" " ind2=" ">
    <subfield code="0">0</subfield>
    <subfield code="1">0</subfield>
    <subfield code="4">0</subfield>
    <subfield code="7">0</subfield>
    <subfield code="8">FIC</subfield>
    <subfield code="a">L</subfield>
    <subfield code="b">L</subfield>
    <subfield code="d">2019-04-10</subfield>
    <subfield code="e">Pragati Publications/558/18-03-19/625/13-03-19/28-03-19</subfield>
    <subfield code="g">199.00</subfield>
    <subfield code="l">1</subfield>
    <subfield code="o">S SAI</subfield>
    <subfield code="p">B-717704</subfield>
    <subfield code="r">2019-06-13 00:00:00</subfield>
    <subfield code="s">2019-06-12</subfield>
    <subfield code="t">1</subfield>
    <subfield code="v">199.00</subfield>
    <subfield code="y">CH</subfield>
    <subfield code="z">AAI(CSR)</subfield>
  </datafield>
  <datafield tag="952" ind1=" " ind2=" ">
    <subfield code="0">0</subfield>
    <subfield code="1">0</subfield>
    <subfield code="4">0</subfield>
    <subfield code="7">0</subfield>
    <subfield code="8">FIC</subfield>
    <subfield code="a">AV</subfield>
    <subfield code="b">AV</subfield>
    <subfield code="d">2019-08-07</subfield>
    <subfield code="e">Gift/05.08.2019</subfield>
    <subfield code="g">199.00</subfield>
    <subfield code="l">8</subfield>
    <subfield code="m">2</subfield>
    <subfield code="o">S SAI</subfield>
    <subfield code="p">B-728522</subfield>
    <subfield code="r">2025-06-16 00:00:00</subfield>
    <subfield code="s">2025-05-26</subfield>
    <subfield code="t">1</subfield>
    <subfield code="v">199.00</subfield>
    <subfield code="w">2019-08-07</subfield>
    <subfield code="y">CH</subfield>
  </datafield>
</record>
